[Event "ESP-ch Rapid 2018"]
[Site "Linares"]
[Date "2018.08.19"]
[Round "2"]
[White "Buendia Pinar, Alvaro"]
[Black "Suarez Uriel, Adrian"]
[Result "0-1"]
[WhiteElo "2278"]
[BlackElo "2391"]
[Annotator "TA"]
[PlyCount "56"]
[EventDate "2018.08.19"]
[EventType "team-tourn"]
[EventCountry "ESP"]
[SourceTitle "playchess.com"]
[Source "ChessBase"]
[SourceQuality "1"]

{[%evp 9,56,36,51,16,26,25,30,29,39,39,29,24,39,35,29,21,40,35,92,54,73,42,49,29,29,32,44,27,27,31,29,23,86,59,53,-84,-54,-385,-377,-374,-368,-512,-525,-722,-722,-716,-703,-658,-662]} 1. e4 d6 2. Nf3 Nf6 3. c3 c6 4. Bd3 e5 (4... Bg4 5. Be2 Nbd7 6. d4 e5 7. O-O Be7 8. Nbd2 O-O 9. h3 Bh5 10. g4 Bg6 11. Re1 h5 12. Nh4 Nh7 13. Nxg6 fxg6 14. gxh5 Bh4 {1-0 (14) Vallejo,H (2090)-Palencia Morales,G (2387) Medellin 2016}) 5. Bc2 Be7 6. h3 {B07: Pirc Defence: Miscellaneous Systems} O-O 7. O-O Re8 $146 ({Predecessor:} 7... Qc7 8. d4 a5 9. Re1 b6 10. Nbd2 Nbd7 11. Nf1 Rd8 {½-½ (56) Grguric,S (1911)-Patarcic,D (2008) Valpovo 2009}) 8. d4 {White has an edge.} Qc7 9. Re1 Nbd7 10. Nbd2 {[%cal Bb1d2,Bd2f1,Bf1g3][%mdl 32]} Bf8 11. Nf1 a5 12. Ng3 g6 13. a4 Nb6 ({Black should try} 13... b6 $14) 14. b3 Bd7 15. Bb2 Rad8 16. Qd2 {Hoping for c4.} Bc8 $1 17. c4 {Threatens to win with dxe5.} Nbd7 18. Rad1 b6 19. Qc1 Bg7 20. Qa1 exd4 (20... Bb7 $11) 21. Bxd4 (21. Nxd4 {is more complex.} Re7 22. Re3 Kh8 23. f4 Bb7 24. Rd2) 21... Re7 22. e5 (22. Bb2 $14 {stays ahead.}) 22... dxe5 (22... Nxe5 {keeps more tension.} 23. Nxe5 dxe5 24. Bc3 Rxd1 25. Rxd1 Ne8) 23. Nxe5 $2 {[%mdl 8192] [#]} (23. Rd2 $15) 23... Nxe5 $19 24. Bxe5 Rxd1 25. Bxd1 Nd7 {Black is clearly winning.} 26. Bxg7 Rxe1+ 27. Kh2 Qd6 28. Bh6 f6 {Precision: White = 33%, Black = 61%.} 0-1

[Event "ESP-ch Rapid 2018"]
[Site "Linares"]
[Date "2018.08.19"]
[Round "2"]
[White "Tudela Corbalan, Carlos"]
[Black "Galiana Fernandez, Adrian"]
[Result "0-1"]
[WhiteElo "2246"]
[BlackElo "2291"]
[Annotator "TA"]
[PlyCount "66"]
[EventDate "2018.08.19"]
[EventType "team-tourn"]
[EventCountry "ESP"]
[SourceTitle "playchess.com"]
[Source "ChessBase"]
[SourceQuality "1"]

{[%evp 14,66,5,0,21,20,10,10,16,-7,-15,-16,0,0,48,22,63,41,47,41,108,104,112,103,104,89,148,162,155,152,250,242,256,132,143,141,127,130,122,121,128,98,108,95,95,86,105,31,37,-550,-550,-550,-545,-718,-527]} 1. c4 g6 2. Nc3 c5 3. g3 Bg7 4. Bg2 e6 5. e3 Ne7 6. Nge2 O-O 7. O-O Nbc6 8. b3 {LiveBook: 5 Games. A36: Symmetrical English vs ...g6: 4 Bg2 Bg7} a6 $146 ({Predecessor:} 8... d5 9. Bb2 dxc4 10. bxc4 b6 11. Qb1 Bb7 12. Rd1 Qc8 13. Ne4 e5 14. Nd6 Qc7 15. Nxb7 Qxb7 {½-½ (37) Mareco,S (2632)-Flores Rios,M (2529) chess.com INT 2018}) 9. Bb2 {[%cal Bc1b2,Bb2a3,Ba3d6][%mdl 32]} b5 10. d4 {The position is equal.} cxd4 11. exd4 {[%cal Be3d4,Bd4d5][%mdl 32]} bxc4 12. bxc4 Rb8 13. Ba3 Re8 14. d5 Ne5 15. Bd6 $36 {[%mdl 2048] White has some pressure.} Rb2 16. Na4 Nxc4 ({Black should play} 16... Rb7 $1 $14) 17. Bxe7 $1 $16 Qxe7 18. Nxb2 Nxb2 19. Qc2 exd5 (19... a5 $142) 20. Nf4 d6 21. Nxd5 Qd8 (21... Qe5 $16 {was called for.} 22. Qb3 Bf5) 22. Rae1 $18 {[#] Hoping for Rxe8+.} Be6 23. Qc7 (23. Nc7 $18 Qc8 24. Qc6) 23... Nd3 $16 24. Qxd8 Rxd8 25. Re3 Nc5 26. Rb1 a5 27. h3 a4 28. Re2 Kf8 29. Rb6 a3 30. Rb5 (30. Nf4 $16) 30... Bb2 $14 31. Nb4 $2 {[%mdl 8192] [#]} (31. Rd2 $14 {keeps the upper hand.}) 31... Bc4 $19 {Black is clearly winning.} 32. Rxc5 dxc5 {[%cal Bd6c5,Bc5b4][%mdl 32]} 33. Re4 cxb4 {Precision: White = 32%, Black = 51%.} 0-1

[Event "ESP-ch Rapid 2018"]
[Site "Linares"]
[Date "2018.08.19"]
[Round "2"]
[White "Orantes Taboada, Francisco"]
[Black "Martinez Reyes, Pedro Ramon"]
[Result "1-0"]
[WhiteElo "2242"]
[BlackElo "2412"]
[Annotator "TA"]
[PlyCount "55"]
[EventDate "2018.08.19"]
[EventType "team-tourn"]
[EventCountry "ESP"]
[SourceTitle "playchess.com"]
[Source "ChessBase"]
[SourceQuality "1"]

{[%evp 14,55,40,16,82,34,31,24,28,22,39,-11,79,79,77,67,89,52,99,104,116,97,100,100,169,151,137,101,399,400,373,386,928,356,347,337,608,608,608,608,664,583,1570,1536]} 1. d4 Nf6 2. Nf3 g6 3. g3 Bg7 4. Bg2 O-O 5. O-O d5 6. c4 c6 7. Nc3 Ne4 8. Bf4 {LiveBook: 3 Games} Be6 {D78: Fianchetto Grünfeld: 6 0-0 c6} (8... Nxc3 $11 9. bxc3 dxc4) (8... Nxc3 9. bxc3 dxc4 10. e4 Bg4 11. Qe2 e5 12. dxe5 Nd7 13. Qxc4 Bxf3 14. Bxf3 g5 15. Be3 Nxe5 16. Qe2 Nxf3+ 17. Qxf3 {1-0 (68) Skatchkov,P (2516)-Sebenik,M (2413) Zadar 2004}) 9. Qc2 $146 ({Predecessor:} 9. Nd2 Nxd2 10. Qxd2 dxc4 11. Rad1 Qc8 12. e4 Na6 13. Bh6 Bh3 14. Bxg7 Kxg7 15. Qe2 Bxg2 16. Kxg2 {0-1 (33) Haglund,K-Notwinnik,J ICCF corr 1970}) 9... Nxc3 10. bxc3 dxc4 {White has an edge.} 11. Rab1 Qc8 12. Rfd1 Nd7 {[#]} (12... a6 $11) 13. Ng5 $1 $16 Nb6 14. Nxe6 Qxe6 15. e4 Qc8 16. a4 Nd7 17. Qe2 e5 18. Be3 exd4 (18... Nb6 $16) 19. cxd4 $18 c5 20. dxc5 c3 $2 {[%mdl 8192]} (20... Nxc5 $16 {is a better defense.} 21. Qxc4 b6) 21. Bh3 f5 22. exf5 Nxc5 $2 (22... gxf5 23. Qc4+ Kh8) 23. Qc4+ $2 (23. Qa2+ Kh8 {[#]} 24. f6 $1 {[%mdl 512]} Qxh3 25. fxg7+ (25. Bxc5 Rxf6 26. Bd4 Qe6 $14) 25... Kxg7 26. Bxc5) 23... Ne6 24. Qxc8 ({Less strong is} 24. Qxe6+ Qxe6 25. fxe6 c2 $14) 24... Raxc8 $2 (24... Rfxc8 25. fxg6 (25. fxe6 c2 $16) (25. Rxb7 Nd8 $18) 25... c2) 25. fxe6 {White is clearly winning.} c2 26. e7 Rfe8 27. Bxc8 Rxe7 28. Rd8+ {Precision: White = 50%, Black = 28%.} 1-0

[Event "ESP-ch Rapid 2018"]
[Site "Linares"]
[Date "2018.08.19"]
[Round "2"]
[White "Blazquez Gomez, Juan Carlos"]
[Black "Arjol Lopez, Daniel"]
[Result "0-1"]
[WhiteElo "2240"]
[BlackElo "2137"]
[Annotator "TA"]
[PlyCount "76"]
[EventDate "2018.08.19"]
[EventType "team-tourn"]
[EventCountry "ESP"]
[SourceTitle "playchess.com"]
[Source "ChessBase"]
[SourceQuality "1"]

{[%evp 9,76,14,35,8,28,36,34,40,52,60,64,56,56,33,55,-4,19,0,0,4,19,19,19,19,37,9,85,84,89,33,14,20,40,9,52,46,58,58,85,12,44,22,82,44,16,14,24,0,0,0,1,-413,-413,-512,-509,-503,-495,-486,-493,-649,-447,-838,-836,-930,-458,-1197,-1181,-29998,-29999]} 1. e4 c5 2. a3 g6 3. b4 (3. Nc3 Bg7 4. Bc4 Nc6 5. d3 d6 6. h4 Nf6 7. Nge2 h5 8. Bg5 Nd4 9. Nxd4 cxd4 10. Nd5 Nxd5 11. Bxd5 {1-0 (62) Carlsen,M (2832)-Guseinov,G (2645) chess.com INT 2017}) 3... Bg7 4. Nc3 cxb4 5. axb4 d6 6. g3 {B20: Sizilianisch} Nf6 7. Bg2 O-O 8. Nge2 {Weiß steht etwas besser.} e6 9. O-O $146 ({Vorgänger:} 9. d4 d5 10. O-O dxe4 11. Nxe4 Nxe4 12. Bxe4 {0-1 (23) Caprio,G (2071)-Nasanjargal,U Kemer 2007}) 9... d5 10. exd5 Nxd5 11. Rb1 a6 12. Rb3 (12. Re1 $14) 12... Nc6 13. Nxd5 exd5 14. Bb2 Bxb2 15. Rxb2 Bg4 16. h3 Qf6 17. c3 Be6 (17... Bxe2 $11 {hält das Gleichgewicht.} 18. Qxe2 Rfe8) 18. b5 $36 {[%mdl 2048] Läuft bei Weiss.} Ne5 19. Nf4 (19. bxa6 $16 bxa6 20. Nf4) 19... Nc4 $14 20. Rb1 Na3 21. Rb4 {zielt auf bxa6 ab.} Nxb5 (21... a5 $5 {[%cal Ra5b4]} 22. Ra4 Nc4 $11) 22. Bxd5 Bxd5 23. Nxd5 Qe5 {[#]} 24. Qf3 (24. c4 $1 $16 {Und weiter mit Te1 wäre nett.} Rfe8 25. Rb3) 24... f5 25. Nf4 Nd6 (25... Rf7 $11) 26. Nd3 Qa5 27. h4 Ne4 {[%cal Bd6e4,Be4d2,Bd2f3][%mdl 32]} 28. Qf4 Rad8 29. Ne5 Nxd2 {Und ...Dxe5! würde nun gewinnen.} 30. Rxb7 $2 {[%mdl 8192] [#]} (30. Nc4 $11 {und Weiss muss sich keine Sorgen machen.} Nxc4 31. Qxc4+ Qd5 32. Qxd5+ Rxd5 33. Rxb7) 30... Qxe5 $1 $19 {[%mdl 512]} 31. Qh6 {[%csl Gb7][%cal Rh6h7]} (31. Qxe5 Nf3+) 31... Nf3+ 32. Kg2 {[%csl Gb7][%cal Rh6h7] [#]} Ng5 $1 {[%mdl 512]} 33. Kg1 (33. hxg5 Qe4+) 33... Nf7 34. Qc1 Qe4 35. Qb2 (35. Qb1 $142) 35... Ne5 36. Qa2+ Qd5 (36... Rf7 $142 37. Rxf7 Rd2) 37. Qxa6 (37. Qxd5+ $142 Rxd5 38. Ra1) 37... Nf3+ 38. Kg2 Ne1+ {Precision: Weiß = 26%, Schwarz = 38%.} 0-1

[Event "ESP-ch Rapid 2018"]
[Site "Linares"]
[Date "2018.08.19"]
[Round "2"]
[White "Garcia Romero, Benjamin Abel"]
[Black "Gomez Gandolfo, Ruben"]
[Result "0-1"]
[WhiteElo "2230"]
[BlackElo "1855"]
[Annotator "TA"]
[PlyCount "63"]
[EventDate "2018.08.19"]
[EventType "team-tourn"]
[EventCountry "ESP"]
[SourceTitle "playchess.com"]
[Source "ChessBase"]
[SourceQuality "1"]

{[%evp 17,63,-2,91,-62,-31,-47,-45,-38,85,0,290,281,283,272,268,58,68,18,87,79,361,352,344,328,323,334,415,407,447,422,439,388,448,412,414,415,508,495,611,524,761,740,670,639,656,658,659,573]} 1. e4 c5 2. Nf3 Nc6 3. Nc3 d6 4. d4 cxd4 5. Nxd4 Nf6 6. Bc4 e6 7. Be3 a6 8. Qe2 Be7 9. O-O-O Bd7 {LiveBook: 6 Games. B89: Sicilian: Velimirovic Attack} (9... O-O $11 {keeps the balance.}) (9... Qc7 10. Bb3 O-O 11. g4 Nxd4 12. Rxd4 b5 13. g5 Nd7 14. Rg1 Re8 15. Rg3 Bb7 16. Rh3 g6 17. f4 Nc5 18. f5 Nxb3+ 19. axb3 exf5 20. Qf2 b4 21. Nd5 Bxd5 22. Rxd5 {1-0 (50) Aronian,L (2764)-Grischuk,A (2766) Leuven 2018}) 10. Rhg1 $2 (10. Nxc6 $16 bxc6 11. g4 (11. Bxa6 O-O $11)) 10... b5 11. Bb3 {Threatens to win with Nxc6.} b4 {Black is slightly better.} 12. Na4 (12. Nxc6 $6 Bxc6 13. Qc4 O-O $11) 12... Nxe4 {[#]} (12... Nxd4 $15 {stays ahead.} 13. Bxd4 O-O) 13. Nb6 $146 ({Better is} 13. Nxe6 $1 $16 {[%mdl 512]} fxe6 (13... Bxe6 14. Bb6) 14. Bb6) ({Predecessor:} 13. Nxe6 fxe6 14. Bb6 Qb8 15. Qxe4 d5 16. Qe2 O-O {1-0 (49) Can,I (1731)-Baylav,C (1494) Porto Carras 2013}) 13... Rb8 $2 {[%mdl 8192]} (13... Qxb6 $11 {and Black is okay.} 14. Nxe6 Qb7 15. Nxg7+ Kd8) 14. Nxd7 $18 Qxd7 15. Ba4 (15. Qxa6 Nxd4 16. Bxd4 O-O $15) 15... Rc8 16. Qf3 $2 ({Not} 16. Bxc6 Rxc6 17. f3 (17. Nxc6 Qxc6 18. Rd4 d5 $14) 17... Nf6 $14) ({Worse is} 16. Qxa6 Nc5 $11) (16. Qg4 Nf6 $18) (16. Nxc6 $18 Rxc6 17. Qg4) 16... d5 $14 17. Kb1 O-O (17... Qb7 $11 {remains equal.}) 18. Nxc6 $16 {Hoping for Qxe4!} Rxc6 $2 {[%mdl 8192] [#]} (18... Bd6 $16 {was worth a try.}) 19. Qxe4 $1 $18 {[%mdl 512]} Qc7 (19... dxe4 20. Rxd7) 20. Qd3 Rc4 21. Bb3 Rc6 22. f4 Kh8 23. g4 a5 24. Rgf1 Rd8 25. Ba4 Rc4 26. Bd4 f6 27. b3 {White is clearly winning.} e5 28. fxe5 fxe5 29. Bxe5 Qxe5 30. Qxc4 Bf6 {[#]} 31. Rxf6 $1 gxf6 (31... Qxf6 32. Qc7) 32. Qd4 {[%mdl 32768] Precision: White = 49%, Black =  7%. . Loss on Time!?} 0-1

[Event "ESP-ch Rapid 2018"]
[Site "Linares"]
[Date "2018.08.19"]
[Round "2"]
[White "Beltran De Heredia E, Miguel"]
[Black "Santos Latasa, Jaime"]
[Result "0-1"]
[WhiteElo "2229"]
[BlackElo "2582"]
[Annotator "TA"]
[PlyCount "80"]
[EventDate "2018.08.19"]
[EventType "team-tourn"]
[EventCountry "ESP"]
[SourceTitle "playchess.com"]
[Source "ChessBase"]
[SourceQuality "1"]

{[%evp 19,80,33,39,29,23,15,23,12,47,0,4,0,0,0,2,0,7,0,27,0,0,0,30,-24,0,0,25,-25,0,0,18,0,21,0,0,-9,-10,-10,0,0,0,-13,-14,-180,-173,-165,-172,-207,-199,-201,-201,-636,-643,-629,-623,-597,-560,-29967,-29967,-29967,-29967,-29957,-11858]} 1. e4 {Mekhitarian,K} c6 2. Nc3 d5 3. Nf3 dxe4 4. Nxe4 Nf6 5. Qe2 Nxe4 6. Qxe4 Qd5 {B11: Caro-Kann: Two Knights Variation} 7. Qh4 Qe6+ 8. Be2 Qg4 9. Qg3 Qxg3 10. hxg3 Bf5 {LiveBook: 7 Games} 11. d3 $146 ({Predecessor:} 11. b3 a5 12. Bb2 h6 13. O-O-O a4 14. Nd4 {1-0 (36) Vachier Lagrave,M (2795)-Salem,A (2633) Moscow 2017 CBM 179 [Mekhitarian,K]}) 11... Nd7 12. Nh4 Be6 $1 13. Be3 g6 14. Bd4 Nf6 15. O-O-O Bg7 16. g4 Rd8 17. Bc3 O-O ({Much worse is} 17... Bxa2 $6 18. g5 $16) 18. g5 Nd5 19. Bxg7 Kxg7 20. g3 a5 21. Kb1 (21. Rde1 $142) 21... a4 22. a3 b5 23. c3 c5 24. d4 c4 25. Bf3 Bc8 26. Rhe1 e6 27. Bg2 Bb7 28. f4 h6 29. gxh6+ Kxh6 30. Nf3 Kg7 31. Ng5 $2 {[#]} (31. Rd2 $11) 31... Nxc3+ $1 $19 {[%mdl 512]} 32. bxc3 Bxg2 33. Rd2 Bd5 34. Rh2 Rh8 35. Ree2 $2 (35. Rb2) 35... Rxh2 36. Rxh2 {[#] White wants to play Rh7+.} f6 $1 37. Rh7+ Kg8 38. Rh8+ Kxh8 {Black mates.} 39. Nf7+ Kg7 40. Nxd8 Kf8 {Precision: White = 34%, Black = 49%.} 0-1

[Event "ESP-ch Rapid 2018"]
[Site "Linares"]
[Date "2018.08.19"]
[Round "2"]
[White "Sanchez Jimenez, Juan Carlos"]
[Black "Moreno Trujillo, Alejandro"]
[Result "0-1"]
[WhiteElo "2228"]
[BlackElo "2497"]
[Annotator "TA"]
[PlyCount "72"]
[EventDate "2018.08.19"]
[EventType "team-tourn"]
[EventCountry "ESP"]
[SourceTitle "playchess.com"]
[Source "ChessBase"]
[SourceQuality "1"]

{[%evp 21,72,-4,0,0,0,-8,0,-14,-12,-25,-6,-14,-14,-14,6,-14,-16,-21,-22,-22,-21,-32,-19,-32,-20,-45,-17,-17,0,0,0,-175,-158,-163,-168,-135,-33,-172,-156,-169,-185,-166,0,0,25,-25,-19,-210,-197,-171,-184,-353,169]} 1. d4 Nf6 2. c4 e6 3. Nf3 d5 4. Nc3 c6 5. cxd5 exd5 6. Bg5 Be7 7. e3 Bf5 8. Bxf6 Bxf6 9. Bd3 Bxd3 10. Qxd3 O-O 11. O-O a5 {LiveBook: 15 Games. D35: Queen's Gambit Declined: Exchange Variation} 12. a3 Nd7 $146 {[%cal Bb8d7,Bd7b6,Bb6c4][%mdl 32]} ({Predecessor:} 12... a4 13. Rad1 Nd7 14. Rfe1 g6 15. g3 Bg7 16. Kg2 Re8 17. Qc2 Qa5 18. h4 h5 19. Re2 {½-½ (19) Bruzon Batista,L (2681)-Ortiz Suarez,I (2578) San Salvador 2016}) 13. Qc2 Re8 {The position is equal.} 14. h3 Be7 15. Na4 Qc7 16. Rfc1 g6 17. Rab1 Nb6 18. Nc5 Nc4 19. a4 Bf8 20. Ra1 Nd6 21. Nd2 Qe7 22. Qc3 Rec8 23. b4 b6 {Strongly threatening ...axb4.} 24. Nd3 Ne4 25. Nxe4 dxe4 26. Ne5 $2 (26. bxa5 $1 $11 {and White is okay.} c5 27. Ne5 cxd4 28. Qxd4 bxa5 29. Qd5 (29. Qxe4 Re8 $15)) 26... axb4 $19 27. Qc2 Qe6 28. Qxe4 {[%cal Rc1c6]} b3 ({Black should play} 28... c5 $17 {White must now prevent ...Bg7.} 29. Qg4 Qxg4 30. hxg4 cxd4 31. Rxc8 Rxc8 32. exd4 b3) 29. Rxc6 (29. Rab1 $15) 29... Rxc6 30. Qxc6 Qxc6 31. Nxc6 {[#] Rb1 is the strong threat.} Rxa4 $2 $15 {KRB-KRN} (31... b2 $1 $19 {[%cal Rb2a1]} 32. Rb1 Ba3) 32. Rb1 $11 (32. Rxa4 $2 {perishes.} b2 $19) 32... Rc4 33. Ne5 Rc3 34. Kf1 $2 {[#]} (34. Nd7 $11) 34... Ba3 $1 $19 35. Ke2 b2 {And now ...Rc1 would win.} 36. Nd3 $2 (36. Nf3 {was the only defense.}) 36... Rc4 $4 {[%mdl 40960] Precision: White = 23%, Black = 38%. . Loss on Time!?} (36... Rc1 $1 $19 {[%cal Rc1b1] avoids the disaster.} 37. Rxb2 Bxb2 38. Nxc1 Bxc1) 0-1

[Event "ESP-ch Rapid 2018"]
[Site "Linares"]
[Date "2018.08.19"]
[Round "2"]
[White "Alvarez Serrano, Carlos"]
[Black "Espinosa Aranda, Angel"]
[Result "1/2-1/2"]
[WhiteElo "2225"]
[BlackElo "2451"]
[Annotator "TA"]
[PlyCount "69"]
[EventDate "2018.08.19"]
[EventType "team-tourn"]
[EventCountry "ESP"]
[SourceTitle "playchess.com"]
[Source "ChessBase"]
[SourceQuality "1"]

{[%evp 15,69,0,0,0,34,6,54,60,79,82,93,39,154,144,159,139,146,16,106,135,119,127,163,163,136,146,144,0,0,0,0,0,0,0,63,58,77,82,125,127,133,130,179,129,134,97,93,90,90,94,86,50,68,69,118,116]} 1. d4 d5 2. Nf3 Nf6 3. c4 dxc4 4. e3 Bg4 5. Bxc4 e6 6. h3 Bh5 7. Nc3 Nc6 {D25: Queen's Gambit Accepted: 4 e3: sidelines and 4...Bg4} 8. g4 (8. Bb5 Bd6 9. e4 Bb4 10. Qa4 O-O 11. Bxc6 Bxc3+ 12. bxc3 bxc6 13. Nd2 c5 14. Ba3 Re8 15. O-O {1-0 (81) Dreev,A (2652)-Huschenbeth,N (2596) Bastia 2017}) 8... Bg6 {LiveBook: 7 Games} 9. Bb5 Bb4 {The position is equal.} 10. Ne5 Bxc3+ 11. bxc3 {[%cal Bb2c3,Bc3c4][%mdl 32]} Qd5 12. Bxc6+ $1 bxc6 {[#]} 13. f3 $146 ({White should play} 13. O-O $1 $16) ({Predecessor:} 13. O-O Nd7 14. c4 Qe4 15. f3 {½-½ (67) Kunsztowicz,U (2310)-Fette,M (2360) Hamburg 1990}) 13... O-O (13... Nd7 $14) 14. c4 $16 Qa5+ 15. Bd2 Qa6 {[#]} 16. O-O (16. h4 $1 $16) 16... Rab8 (16... c5 $11) 17. g5 Nh5 {[%cal Bf6h5,Bh5g3,Bg3e2][%mdl 32]} 18. Nd7 Qxc4 19. Nxf8 Rxf8 20. Qb3 Qa6 21. Rac1 (21. Kg2 $16) 21... Ng3 $11 22. Rfe1 {Black must now prevent Qc4.} Ne2+ 23. Kf2 Nxc1 24. Rxc1 Kh8 (24... f6 $11) 25. Qc4 $36 {[%mdl 2048] Black is under pressure.} Qc8 26. Qxc6 e5 27. Qxc7 Qxh3 {( -> ...Qh2+)} 28. Qxe5 Bh5 29. Qg3 Qe6 30. Rc2 f6 {Threatening ...fxg5.} 31. d5 Qxd5 32. gxf6 gxf6 33. Bc3 {White threatens Bxf6+! and mate.} Bg6 34. Rd2 Qc6 35. Qd6 {Precision: White = 63%, Black = 27%.} 1/2-1/2

[Event "ESP-ch Rapid 2018"]
[Site "Linares"]
[Date "2018.08.19"]
[Round "2"]
[White "Vinuela Diaz, Saul"]
[Black "Salgado Lopez, Ivan"]
[Result "0-1"]
[WhiteElo "2216"]
[BlackElo "2643"]
[Annotator "TA"]
[PlyCount "48"]
[EventDate "2018.08.19"]
[EventType "team-tourn"]
[EventCountry "ESP"]
[SourceTitle "playchess.com"]
[Source "ChessBase"]
[SourceQuality "1"]

{[%evp 13,48,14,23,-14,15,6,21,0,12,-54,-40,-54,-22,-38,-38,-39,-43,-58,-38,-70,-49,-58,-59,-51,-46,-90,-81,-90,-89,-90,-95,-170,-175,-163,-158,-241,-258]} 1. Nf3 c5 2. c4 Nf6 3. g3 b6 4. Bg2 Bb7 5. O-O g6 6. b3 Bg7 7. Bb2 O-O {LiveBook: 1170 Games} 8. Qc1 {A30: Symmetrical English: Double Fianchetto and Hedgehog} (8. d4 cxd4 9. Qxd4 Nc6 10. Qc3 Qc7 11. Rd1 Rad8 12. Na3 a6 13. Rac1 Rfe8 14. Qe1 Qb8 15. Nc2 b5 16. c5 d5 17. cxd6 Rxd6 18. Rxd6 Qxd6 {0-1 (46) Hou,Y (2654)-Vachier Lagrave,M (2789) Karlsruhe/Baden-Baden 2018}) 8... d6 9. d4 cxd4 10. Bxd4 {The position is equal.} Nbd7 11. Nbd2 $146 (11. Nc3 $11) ({Predecessor:} 11. Rd1 Nc5 12. Qb2 a6 13. b4 Ne6 14. Bc3 Qc7 15. Nbd2 Bc6 {½-½ (64) Gutman,L (2450)-Wege,J Giessen 1993}) 11... a6 12. a4 a5 13. Qb2 e5 14. Bc3 $1 {[%cal Rf3e5]} Qc7 15. Rad1 Rfe8 16. Rc1 Rad8 17. Nh4 Bxg2 18. Nxg2 Nc5 19. Ne3 {[#]} Bh6 $1 20. Nd5 Nxd5 21. cxd5 Qb7 22. Rcd1 (22. Ra1 $17) 22... Qxd5 $19 {Black is clearly better.} 23. Nc4 Qc6 24. f3 {[#]} (24. Bd2 $17 {was necessary.} Bg7 25. Na3) 24... Nxa4 $1 {[%mdl 512] Precision: White = 35%, Black = 38%.} 0-1

[Event "ESP-ch Rapid 2018"]
[Site "Linares"]
[Date "2018.08.19"]
[Round "2"]
[White "Garcia Garcia, Adrian Antonio"]
[Black "Huerga Leache, Mikel"]
[Result "1/2-1/2"]
[WhiteElo "2179"]
[BlackElo "2451"]
[Annotator "TA"]
[PlyCount "121"]
[EventDate "2018.08.19"]
[EventType "team-tourn"]
[EventCountry "ESP"]
[SourceTitle "playchess.com"]
[Source "ChessBase"]
[SourceQuality "1"]

{[%evp 18,121,-10,-14,0,-13,-8,-31,-18,-25,-27,-21,-2,-2,14,-19,9,-7,-8,-39,-33,-30,-45,-43,-39,-65,-37,-71,-75,-128,-127,-127,-126,-157,-92,-100,-93,-99,-91,-91,-84,-79,-88,-93,-63,-63,-63,-63,-63,-63,-11,-11,-11,-15,-11,-11,-11,-11,-10,-20,-2,-12,-14,-18,-6,-18,0,-18,-20,-45,-45,-63,-63,-63,-30,-63,-63,-63,-30,-70,-49,-63,-63,-63,-63,-63,-56,-709,-652,-496,-293,-293,-293,-293,-293,-293,-285,-278,-252,-270,0,0,0,0,0,0]} 1. e4 e6 2. d4 d5 3. exd5 exd5 4. c4 Nf6 5. Nf3 Bb4+ 6. Bd2 Bxd2+ 7. Nbxd2 O-O 8. Be2 dxc4 {A51: Budapest Gambit, Fajarowicz Variation} 9. O-O Nc6 10. Nxc4 {LiveBook: 4 Games} Nd5 $146 ({Predecessor:} 10... Be6 11. Rc1 Bd5 12. Nce5 Ne7 13. Re1 c6 14. Bd3 Bxf3 15. Nxf3 Ned5 16. Qd2 {½-½ (39) Dragun,K (2572)-Oliva Castaneda,K (2488) Barcelona 2015}) 11. Nce5 Nxe5 12. Nxe5 Nf4 13. Bf3 c6 14. Qd2 Ne6 15. Rad1 Qg5 16. Nc4 Rd8 17. Qc3 Nf4 18. Kh1 Bg4 19. Ne5 Bxf3 20. Qxf3 {And now g3 would win.} f6 21. Nd3 Nxd3 22. Rxd3 Qd5 23. Qg4 (23. Qxd5+ $142 Rxd5 24. Re1) 23... Qxa2 $17 24. b3 {With the idea Rg3.} Re8 25. Qd7 {[#] and if Rg3 works, White does fine.} Qxf2 $1 {[%mdl 512]} 26. Rdd1 (26. Rxf2 Re1+) 26... Qc2 27. Qxb7 Rab8 28. Qxa7 Rxb3 29. Rc1 Qe2 30. Qc5 Rb2 {[%csl Gb2][%cal Re2g2]} 31. Qxc6 Qe4 32. Qc4+ Kh8 {[%csl Gb2][%cal Re4g2]} 33. Rg1 Rd2 (33... h6 $15) 34. Rcd1 $1 $11 {[%cal Rd1d2]} Rxd1 35. Rxd1 {[%mdl 4096] Endgame [#] KQR-KQR} Qe1+ $1 {[%mdl 512]} 36. Qf1 (36. Rxe1 Rxe1+) 36... Qxf1+ 37. Rxf1 {KR-KR} Kg8 38. Kg1 Re2 39. Rd1 Kf7 40. Kf1 Rc2 41. d5 Ke7 42. d6+ Kd7 43. h3 Rc6 44. Kf2 Rxd6 45. Ra1 Ke6 46. Ra7 Rd7 47. Ra6+ Kf5 48. Ke3 Rb7 49. Ra5+ Kg6 50. Kf4 Rb3 51. g3 h5 {Hoping for ...Kh6.} 52. Rc5 $2 {[%mdl 8192] [#]} (52. h4 $15) 52... Kh6 $1 $19 53. Rc6 g5+ (53... h4 $142 54. gxh4 Rxh3) 54. Kf5 Rf3+ ({Worse is} 54... Rxg3 55. Rxf6+ Kg7 56. Rg6+ Kf7 57. Rf6+ Ke8 58. Rh6 $11) 55. Ke4 Rxg3 56. Rxf6+ Kg7 57. Ra6 Rxh3 {aiming for ...h4.} 58. Kf5 Rg3 $2 ({Black should try} 58... g4 $19 {Threatens to win with ...Kf8.} 59. Ra7+ Kf8) 59. Rg6+ $11 {The position is equal.} Kh7 60. Rxg5 h4 {( -> ...Rxg5+)} 61. Rh5+ {Precision: White = 38%, Black = 54%.} 1/2-1/2